Online Catalogue and eLibrary

The basic writings of Bertrand Russell (Record no. 705)

MARC details
000 -LEADER
fixed length control field 00442nam a2200181Ia 4500
005 - DATE AND TIME OF LATEST TRANSACTION
control field 20240627015856.0
008 - FIXED-LENGTH DATA ELEMENTS--GENERAL INFORMATION
fixed length control field 240331s9999 xx 000 0 und d
020 ## - INTERNATIONAL STANDARD BOOK NUMBER
ISBN 041508301X
082 ## - DDC Classification
Class No. 100
Item Number - Author Mark RUS
100 ## - MAIN ENTRY--PERSONAL NAME
Personal name Russell, B
245 #4 - TITLE STATEMENT
Title The basic writings of Bertrand Russell
260 ## - PUBLICATION, DISTRIBUTION, ETC.
Place of publication, distribution, etc. London
Name of publisher, distributor, etc. Routledge
Date of publication, distribution, etc. 1961
300 ## - PHYSICAL DESCRIPTION
Extent (e.g. Volumes, Pages etc.) 736 p .,
650 ## - SUBJECT ADDED ENTRY--TOPICAL TERM
Topical term or geographic name entry element Religion
650 ## - SUBJECT ADDED ENTRY--TOPICAL TERM
Topical term or geographic name entry element Philosophy
650 ## - SUBJECT ADDED ENTRY--TOPICAL TERM
Topical term or geographic name entry element International relations
942 ## - Koha item type (Biblio)
Koha item type Books in Stacks (Lending)
Holdings
Lost status Damaged status Collection code Home library Current library Shelving location Date acquired Full call number Accession Number Item type
    Lending WERC Library WERC Library Social Science Cupboard 03/31/2024 100 RUS 3926 Books in Stacks (Lending)

© WERC Library